Name a Valid Movie (Directors) - Statistics

General Stats
  • This quiz has been taken 292 times
  • The average score is 9 of 10
Answer Stats
Director Film(s).. % Correct
Steven Spielberg Indiana Jones and the Kingdom of the Crystal Skull | The Lost World: Jurassic Park | A.I. Artificial Intelligence | Catch Me If You Can | Amistad | The Color Purple | Hook | The BFG | The Sugarland Express | 1941 | The Terminal | War of the Worlds | Minority Report | The Adventures of Tintin | Lincoln | Always | Ready Player One | Bridge of Spies | The Post | Munich | War Horse | Indiana Jones and the Last Crusade | Empire of the Sun | Indiana Jones and the Temple of Doom | Jurassic Park | Saving Private Ryan | Duel | Raiders of the Lost Ark | E.T. The Extra Terrestrial | Schindler's List | Close Encounters of the Third Kind | Jaws | Ready Player One | West Side Story | The Fabelmans
100%
Quentin Tarantino Reservoir Dogs | Pulp Fiction | Jackie Brown | Kill Bill: Volume 1 | Kill Bill: Volume 2 | Grindhouse: Death Proof | Inglourious Basterds | Django Unchained | The Hateful Eight | Once Upon a Time in Hollywood
98%
Alfred Hitchcock Number 13 | The Pleasure Garden | The Mountain Eagle | The Lodger: A Story of the London Fog | The Ring | Downhill | The Farmer’s Wife | Easy Virtue | Champagne | The Manxman | Blackmail | An Elastic Affair | Juno and the Paycock | Murder! | The Skin Game | Mary | Rich and Strange | Number Seventeen | Waltzes from Vienna | The Man Who Knew Too Much | The 39 Steps | Secret Agent | Sabotage | Young and Innocent | The Lady Vanishes | Jamaica Inn | Rebecca | Foreign Correspondent | Mr. & Mrs. Smith | Suspicion | Saboteur | Shadow of a Doubt | Lifeboat | The Fighting Generation | Spellbound | Notorious | The Paradine Case | Rope | Under Capricorn | Stage Fright | Strangers on a Train | I Confess | Dial M for Murder | Rear Window | To Catch a Thief | The Trouble with Harry | The Wrong Man | Vertigo | North By North West | Psycho | The Birds | Marnie | Torn Curtain | Topaz | Frenzy | Family Plot
96%
Stanley Kubrick Fear and Desire | Killer's Kiss | The Killing | Paths of Glory | Spartacus | Lolita | Dr. Strangelove | 2001: A Space Odyssey | A Clockwork Orange | Barry Lyndon | The Shining | Full Metal Jacket | Eyes Wide Shut
94%
Martin Scorsese Who's That Knocking at My Door | Boxcar Bertha | Mean Streets | Alice Doesn’t Live Here Anymore | Taxi Driver | New York, New York | Raging Bull | The King of Comedy | After Hours | The Color of Money | The Last Temptation of the Christ | Goodfellas | Cape Fear | The Age of Innocence | Casino | Kundun | Bringing Out the Dead | Gangs of New York | The Aviator | The Departed | Shutter Island | Hugo | The Wolf of Wall Street | Silence | The Irishman | Killers of the Flower Moon
92%
Francis Ford Coppola Dementia 13 | You’re a Big Boy Now | Finian’s Rainbow | The Rain People | The Godfather | The Conversation | The Godfather Part II | Apocalypse Now | One from the Heart | The Outsiders | Rumble Fish | The Cotton Club | Peggy Sue Got Married | Gardens of Stone | Tucker: The Man and His Dream | The Godfather Part III | Bram Stoker’s Dracula | Jack | The Rainmaker | Youth Without Youth | Tetro | Twixt
91%
Christopher Nolan Doodlebug | Following | Memento | Insomnia | Batman Begins | The Prestige | The Dark Knight | Inception | The Dark Knight Rises | Interstellar | Quay | Dunkirk | Tenet | Oppenheimer
91%
Coen Brothers Blood Simple | Raising Arizona | Miller’s Crossing | Barton Fink | The Hudsucker Proxy | Fargo | The Big Lebowski | O Brother, Where Art Thou? | The Man Who Wasn’t There | Intolerable Cruelty | The Ladykillers | Paris, je t’aims | Chacun son cinéma | No Country for Old Men | Burn After Reading | A Serious Man | True Grit | Inside Llewyn Davis | Hail, Caesar! | The Ballad of Buster Scruggs
82%
Orson Welles Citizen Kane | The Magnificent Ambersons | The Stranger | The Lady from Shanghai | Macbeth | Othello | Mr. Arkadin | Tough of Evil | The Trial | Chimes at Midnight | The Immoral Story | F for Fake | Filming Othello | Don Quixote | The Other Side of the Wind
79%
Paul Thomas Anderson Hard Eight | Boogie Nights | Magnolia | Punch-Drunk Love | There Will Be Blood | The Master | Inherent Vice | Phantom Thread | Licorice Pizza
60%
No matching quizzes found
Score Distribution
Percent of People with Each Score
Percentile by Number Answered
Your Score History
You have not taken this quiz